| 000 | 00621cab a22001935a 4500 | ||
|---|---|---|---|
| 001 | L154215 | ||
| 008 | 111102e20111020xxk 000 0 eng d | ||
| 035 | _a(Sirsi) u154215 | ||
| 041 | 0 | _aeng | |
| 100 | 1 | _aStothart, Chloe | |
| 245 | 0 | 0 |
_aInside knowledge _bwinning work |
| 260 | _c2011 | ||
| 490 |
_aConstruction News _v(7239) 27 October, 38-39(2) |
||
| 520 | _aLooks at leisure, publicly funded projects, private sector, table of the top 30 largest pre-tender projects with major leisure component. | ||
| 590 | _aKA | ||
| 651 | 4 |
_aUnited Kingdom _y |
|
| 690 | _aBUILT ENVIRONMENT-CONSTRUCTION MARKET | ||
| 942 | _n0 | ||
| 999 |
_c83537 _d83537 |
||